书目信息 |
| 题名: |
《不动产登记暂行条例》100问
|
|
| 作者: | ;陈廷一工作室 编 | |
| 分册: | ||
| 出版信息: | 北京 中国大地出版社 2015 |
|
| 页数: | 205页 | |
| 开本: | 21cm | |
| 丛书名: | 不动产登记指南丛书 | |
| 单 册: | ||
| 中图分类: | D923.25 | |
| 科图分类: | ||
| 主题词: | 不动产--产权登记--条例--法律解释--中国 | |
| 电子资源: | ||
| ISBN: | 978-7-80246-774-3 | |
| 000 | 00844oam2 2200253 450 | |
| 001 | 351528 | |
| 005 | 20161017103157.66 | |
| 010 | @a978-7-80246-774-3@dCNY30.00 | |
| 100 | @a20160302d2015 em y0chiy50 ea | |
| 101 | 0 | @achi |
| 102 | @aCN@b110000 | |
| 105 | @ay zn 000yy | |
| 106 | @ar | |
| 200 | 1 | @a《不动产登记暂行条例》100问@f陈廷一工作室编 |
| 210 | @a北京@c中国大地出版社@d2015 | |
| 215 | @a205页@d21cm | |
| 225 | 2 | @a不动产登记指南丛书@v1 |
| 330 | @a本书采用一问一答的形式,解答了我国实行不动产统一登记制度的相关问题。内容包括“什么是不动产”“不动产登记的功能是什么”“不动产登记管辖的原则是什么”等。 | |
| 461 | 0 | @12001 @a不动产登记指南丛书 |
| 606 | 0 | @a不动产@x产权登记@x条例@x法律解释@y中国 |
| 690 | @aD923.25@v5 | |
| 711 | 02 | @a陈廷一工作室@4编 |
| 801 | 0 | @aCN@bTANGWEI@c20160820 |
| 905 | @b0895130-4@dD923.25@e1453@f5 | |
| 《不动产登记暂行条例》100问/陈廷一工作室编.-北京:中国大地出版社,2015 |
| 205页;21cm.-(不动产登记指南丛书;1) |
| ISBN 978-7-80246-774-3:CNY30.00 |
| 本书采用一问一答的形式,解答了我国实行不动产统一登记制度的相关问题。内容包括“什么是不动产”“不动产登记的功能是什么”“不动产登记管辖的原则是什么”等。 |
| ● |
| 相关链接 |
|
|
|
|
正题名:《不动产登记暂行条例》100问
索取号:D923.25/1453
 
预约/预借
| 序号 | 登录号 | 条形码 | 馆藏地/架位号 | 状态 | 备注 |
| 1 | 0895130 | 208951302 | 第一样本阅览室/ [索取号:D923.25/1453] | 在馆 | |
| 2 | 0895131 | 208951311 | 密集书库-史法系/ [索取号:D923.25/1453] | 在馆 | |
| 3 | 0895132 | 208951320 | 第一借阅区/ [索取号:D923.25/1453] | 在馆 | |
| 4 | 0895133 | 208951339 | 第一借阅区/ [索取号:D923.25/1453] | 在馆 | |
| 5 | 0895134 | 208951348 | 第一借阅区/ [索取号:D923.25/1453] | 在馆 |